Pokemon de A-Z Gen 8 - Statistiques

Statistiques générales
  • Ce quiz a été pris 20 fois
  • Le résultat moyen est 19 sur 23
Statistiques - réponses
Lettre Type 1 Type 2 Stage Réponse % Correct
B Glace Insecte 2/2 Beldeneige
100%
D Acier Dragon 1/2 (Depuis Gen 9) Duralugon
93%
F Dragon Spectre 1/3 Fantyrm
93%
G Ténèbres Fée 1/3 Grimalin
93%
N Vol Eau 1/1 Nigosier
93%
T Électrik Poison 1/2 Toxizap
93%
U Normal Sol 3/3 Ursaking
93%
W Roche Feu 2/3 Wagomine
93%
A Fée Vol 1/1 Amovénus
86%
E Eau X 1/2 Embrochet
86%
I Ténèbres Normal 3/3 Ixon
86%
Q Ténèbres Poison 2/2 Qwilpik
86%
S Psy Fée 3/3 Sorcilence
86%
V Plante Dragon 1/2 Verpom
86%
Z Ténèbres Plante 1/1 Zarude
86%
K Combat X 2/2 Krakos
79%
M Glace Psy 3/3 M. Glaquette
79%
O Plante X 1/3 Ouistempo
79%
P Eau Spectre 2/2 Paragruel
79%
H Insecte Roche 2/2 Hachécateur
71%
L Insecte X 1/3 Larvadar
71%
R Dragon X 1/1 Regidrago
64%
C Normal Psy 2/2 Cerbyllin
57%
Aucun quiz correspondant
Distribution des résultats
% des personnes avec chaque résultat
Percentile par nombre de réponses
Votre historique - résultats
Vous n’avez pas pris ce quiz